<?xml version="1.0" encoding="UTF-8"?>
<record
    xmlns:xsi="http://www.w3.org/2001/XMLSchema-instance"
    xsi:schemaLocation="http://www.loc.gov/MARC21/slim http://www.loc.gov/standards/marcxml/schema/MARC21slim.xsd"
    xmlns="http://www.loc.gov/MARC21/slim">

  <leader>00672nam a22001937a 4500</leader>
  <datafield tag="999" ind1=" " ind2=" ">
    <subfield code="c">3630</subfield>
    <subfield code="d">3630</subfield>
  </datafield>
  <controlfield tag="003">DO-SdBJH</controlfield>
  <controlfield tag="005">20180530055038.0</controlfield>
  <controlfield tag="008">180516b           ||||| |||| 00| 0 spa d</controlfield>
  <datafield tag="040" ind1=" " ind2=" ">
    <subfield code="a">DO-SdBJH</subfield>
    <subfield code="b">spa</subfield>
    <subfield code="c">DO-SdBJH</subfield>
  </datafield>
  <datafield tag="082" ind1=" " ind2=" ">
    <subfield code="a">RD972.9302</subfield>
    <subfield code="b">F363c</subfield>
  </datafield>
  <datafield tag="100" ind1=" " ind2=" ">
    <subfield code="a">	Fern&#xE1;ndez de Oviedo y Valdez, Gonzalo</subfield>
  </datafield>
  <datafield tag="245" ind1=" " ind2=" ">
    <subfield code="a">Cr&#xF3;nicas escogidas / </subfield>
    <subfield code="c">Gonzalo Fern&#xE1;ndez de Oviedo y Valdez, Bartolom&#xE9; de Las Casas</subfield>
  </datafield>
  <datafield tag="260" ind1=" " ind2=" ">
    <subfield code="a">	Santo Domingo :</subfield>
    <subfield code="b">Ediciones de la Fundaci&#xF3;n Corripio,</subfield>
    <subfield code="c">1988</subfield>
  </datafield>
  <datafield tag="300" ind1=" " ind2=" ">
    <subfield code="a">641P</subfield>
  </datafield>
  <datafield tag="490" ind1=" " ind2=" ">
    <subfield code="a">Biblioteca de cl&#xE1;sicos dominicanos</subfield>
  </datafield>
  <datafield tag="650" ind1=" " ind2=" ">
    <subfield code="2">Rep&#xFA;blica Dominicana</subfield>
    <subfield code="v">Historia</subfield>
    <subfield code="y">Colonia, 1503-1795</subfield>
  </datafield>
  <datafield tag="700" ind1=" " ind2=" ">
    <subfield code="a">Casas, Bartolom&#xE9; de las</subfield>
  </datafield>
  <datafield tag="942" ind1=" " ind2=" ">
    <subfield code="2">ddc</subfield>
    <subfield code="c">BK</subfield>
  </datafield>
  <datafield tag="952" ind1=" " ind2=" ">
    <subfield code="0">0</subfield>
    <subfield code="1">0</subfield>
    <subfield code="2">ddc</subfield>
    <subfield code="4">0</subfield>
    <subfield code="7">0</subfield>
    <subfield code="8">RD</subfield>
    <subfield code="a">BANCWL</subfield>
    <subfield code="b">BANCWL</subfield>
    <subfield code="c">GEN</subfield>
    <subfield code="d">2018-05-16</subfield>
    <subfield code="i">00031</subfield>
    <subfield code="l">0</subfield>
    <subfield code="o">RD 972.9302 F363c</subfield>
    <subfield code="p">140901t1988||r||||||</subfield>
    <subfield code="r">2018-05-16 00:00:00</subfield>
    <subfield code="t">EJ.1</subfield>
    <subfield code="w">2018-05-16</subfield>
    <subfield code="y">BK</subfield>
  </datafield>
</record>
